000 00323nam a22001457a 4500
008 210302b ||||| |||| 00| 0 eng d
020 _a9780538603874
041 _aeng
080 _22nd
_a33
082 _a33
100 _a58
101 _aBIZ
245 _aPersonal Business Management
_cRyan, J. S
942 _2udc
_cBK
999 _c55544
_d55544